|
|
|
|
| LEADER |
00939nam a22002537a 4500 |
| 001 |
41070 |
| 003 |
BD-DhAAL |
| 005 |
20230404112703.0 |
| 008 |
230404t2002 ii ||||| |||| 001 0 eng d |
| 020 |
|
|
|a 9788174733054
|
| 020 |
|
|
|a 8174733051
|
| 040 |
|
|
|a BD-DhAAL
|d BD-DhAAL
|
| 082 |
|
|
|a 820.9
|
| 100 |
|
|
|a Saintsbury, George
|9 54004
|
| 245 |
|
|
|a A short history of English literature /
|c George Saintsbury
|
| 260 |
|
|
|a India :
|b AITBS Publishers,
|c 2005
|
| 300 |
|
|
|a xix, 818 pages ;
|c 18 cm.
|
| 500 |
|
|
|a Includes Index
|
| 541 |
|
|
|a Donated By Akbar Ali Khan
|e 41070
|
| 650 |
|
|
|a English literature
|x History and criticism.
|
| 852 |
|
|
|a Ayesha Abed Library
|c Akbar Ali Khan Collection
|
| 942 |
|
|
|2 ddc
|c BK
|
| 999 |
|
|
|c 45646
|d 45646
|
| 952 |
|
|
|0 0
|1 0
|2 ddc
|4 0
|6 820_900000000000000_SAI
|7 1
|9 73501
|a BRACUL
|b BRACUL
|c AAKC
|d 2023-04-04
|e Donated by Akbar Ali Khan
|g 300.00
|l 0
|o 820.9 SAI
|p 3010041070
|r 2023-04-04
|t 1
|w 2023-04-04
|y BK
|x Price available in book
|